Datum a čas kvízu
32.5
Celkem bodů
Celkový počet nahraných bodů na tomto kvízu bez doplňovacích otázek.
4.
Pořadí na kvízu
Konečné umístění týmu na tomto kvízu.
Zaznamenané odpovědi
| # | Otázka | Odpověď | Body | Výsledky |
|---|---|---|---|---|
| 1. | Národní park České Švýcarsko z... | rysa ostrovida | 0 | |
| 2. | Bývalý princ Andrew už o svůj... | Princ William | 1 | |
| 3. | Na snímku vidíme umělce jménem... | Banksy | 1 | |
| 4. | Jak se jmenuje nový moderátor... | Martin Řezníček | 0 | |
| 5. | České reprezentantky si v kval... | o basketbal | 1 | |
| 1. | Vítězné téma „vražedně“ těsnéh... | Hercule Poirot | 1 | |
| 2. | Půl bodu získáte za jméno fikt... | Harry (Hieronymus) Bosch, Michael Connelly | 0.5 | |
| 3. | Přiřaďte autory severských det... | 1D 2B 3A 4C | 0 | |
| 4. | Pán ohně, Čtvrtá oběť, Sál smr... | Peter May, Čína | 0 | |
| 5. | Jednou z nejúspěšnějších český... | Zmizela v mlze (Norsko), Ostrov šedých mnichů (Nizozemsko) | 0 |